| 000 | 00402nam a22001577a 4500 | ||
|---|---|---|---|
| 999 |
_c7609 _d7609 |
||
| 003 | GBCCL | ||
| 005 | 20241126110632.0 | ||
| 008 | 180904b ||||| |||| 00| 0 eng d | ||
| 040 | _cgbc | ||
| 082 |
_aVER 253.2092 _bCHI |
||
| 245 |
_aKa kimanta e: _bPastor M Chinkhotuan (1947-2012) |
||
| 260 |
_aLamka: _bChinngaihdim, _c2012 |
||
| 300 | _a88p. ; | ||
| 650 |
_aPastor _vbiography _97278 |
||
| 942 |
_2ddc _cBK |
||